Welcome to CU Library Online Public Access Catalogue (OPAC)

Ethical obligations and decision making in accounting : (Record no. 2701)

MARC details
000 -LEADER
fixed length control field 00911cam a2200229 a 4500
001 - CONTROL NUMBER
control field 14699030
005 - DATE AND TIME OF LATEST TRANSACTION
control field 20250120093737.0
008 - FIXED-LENGTH DATA ELEMENTS--GENERAL INFORMATION
fixed length control field 070116s2008 maua b 001 0 eng
020 ## - INTERNATIONAL STANDARD BOOK NUMBER
International Standard Book Number 9780073403991 (alk. paper)
020 ## - INTERNATIONAL STANDARD BOOK NUMBER
International Standard Book Number 0073403997 (alk. paper)
050 00 - LIBRARY OF CONGRESS CALL NUMBER
Classification number HF5616
Item number .U5M535 2008
082 00 - DEWEY DECIMAL CLASSIFICATION NUMBER
Classification number 174/.4
Edition information 22
100 1# - MAIN ENTRY--PERSONAL NAME
Personal name Mintz, Steven M.
245 10 - TITLE STATEMENT
Title Ethical obligations and decision making in accounting :
Remainder of title text and cases /
Statement of responsibility, etc. Steven M. Mintz, Roselyn E. Morris.
260 ## - PUBLICATION, DISTRIBUTION, ETC.
Place of publication, distribution, etc. Boston :
Name of publisher, distributor, etc. McGraw-Hill/Irwin,
Date of publication, distribution, etc. c2008.
300 ## - PHYSICAL DESCRIPTION
Extent xiii, 287 p. :
Other physical details ill. ;
Dimensions 26 cm.
650 #0 - SUBJECT ADDED ENTRY--TOPICAL TERM
Topical term or geographic name entry element Accountants
General subdivision Professional ethics
Geographic subdivision United States
Form subdivision Case studies.
700 1# - ADDED ENTRY--PERSONAL NAME
Personal name Morris, Roselyn E.
856 42 - ELECTRONIC LOCATION AND ACCESS
Materials specified Publisher description
Uniform Resource Identifier <a href="http://www.loc.gov/catdir/enhancements/fy0708/2007000135-d.html">http://www.loc.gov/catdir/enhancements/fy0708/2007000135-d.html</a>
856 41 - ELECTRONIC LOCATION AND ACCESS
Materials specified Table of contents only
Uniform Resource Identifier <a href="http://www.loc.gov/catdir/enhancements/fy0708/2007000135-t.html">http://www.loc.gov/catdir/enhancements/fy0708/2007000135-t.html</a>
942 ## - ADDED ENTRY ELEMENTS (KOHA)
Source of classification or shelving scheme Library of Congress Classification
Koha item type Books
Suppress in OPAC No
999 ## -
-- 2701
-- 2701
Holdings
Withdrawn status Lost status Source of classification or shelving scheme Damaged status Not for loan Collection Home library Current library Shelving location Date acquired Total checkouts Full call number Barcode Date last seen Copy number Price effective from Koha item type
    Library of Congress Classification     Non-fiction Business Library (Miotso) Business Library (Miotso) General stacks 01/20/2025   HF5616 .U5M535 2008 BSSM00000470 01/20/2025 1 01/20/2025 Books
    Library of Congress Classification     Non-fiction Business Library (Miotso) Business Library (Miotso) General stacks 01/20/2025   HF5616 .U5M535 2008 BSSM00000471 01/20/2025 2 01/20/2025 Books
    Library of Congress Classification     Non-fiction Business Library (Miotso) Business Library (Miotso) General stacks 01/20/2025   HF5616 .U5M535 2008 BSSM00000472 01/20/2025 3 01/20/2025 Books
    Library of Congress Classification     Non-fiction Business Library (Miotso) Business Library (Miotso) General stacks 01/20/2025   HF5616 .U5M535 2008 BSSM00000473 01/20/2025 4 01/20/2025 Books
    Library of Congress Classification     Non-fiction Business Library (Miotso) Business Library (Miotso) General stacks 01/20/2025   HF5616 .U5M535 2008 BSSM00000474 01/20/2025 5 01/20/2025 Books
© 2023-2024 Copyright: Central University Libraries. All Rights Reserved | Created by: Mahone Tech Office